1809 1384 1508 1983 1647 1155 1206 1866 1801 1088 1440 1940 1324 1369 1533 1318 1434 1195 1056 1796 1544 1741 1548 1464 1741 1036 1598 1090 1764 1470 1097 1638 1489 1474 1011 1249 1220 1307 1597 1117 1322 1517 1129 1844 1067 1190 1100 1697 1662 1135 1441 1229 1375 1430 1306 1308 1701 1550 1434 1724 1706 1667 1742 1396 1536 1076 1916 1639 1842 1262 1617 1777 1397 1148 1721 1332 1786 1233 1364 1931 1160 1878 1311 1367 1585 1300 1200 1520 1405 1428 1541 1552 1761 1855 1415 1025 1791 1652 1418 BCNSPRNW ULIB Ver.6.0+V

เปลี่ยนเป็นภาษาไทย

Change to English
 แสดงรายละเอียดบรรณานุกรม
  กลับหน้าหลัก

Brief Record : Get Marc (ISO 2709) : E-mail record : QR code < ปิดหน้าต่าง
LEADER : 00000nam 2200000uu 4500
001    13399114560
003     ULIB
008    110627s2550||||th 000 0 tha d
020    9789749899403
090    นว.^bย731ค ล.10
100 0  โยโคมิโซะ เซซิ
245 00 คินดะอิจิยอดนักสืบ ตอนที่ 10 คฤหาสน์เขาวงกต /^cโยโคมิโซะ เซซิ
250    พิมพ์ครั้งที่ 2
260    กรุงเทพฯ :^bBLISS publishing,^c2550
300    367 หน้า
710 1  BLISS publishing
945    ^p265^l0^i022064
995    ทศพร
999 ^a ใช้งานได้ทุกระบบ
รายการนี้ยังไม่มีแท็ก
คุณยังไม่ได้ล็อกอิน คุณสามารถมีกิจกรรมร่วมกับเว็บไซต์ได้ แต่ต้องล็อกอินก่อน ::
  ล็อกอิน

รายการสื่อสารสนเทศ

ลำดับที่ ประเภท เลขเรียก/บาร์โค้ด สถานที่ สถานะ
1. นวนิยาย
นวนิยาย
นว. ย731ค ล.10 ฉ.1 
  Barcode: 022064
ห้องสมุดวิทยาเขตสวรรค์ประชารักษ์
►นวนิยาย
บนชั้น
  ขอยืม

รายการใกล้เคียง
    ผู้แต่ง [โยโคมิโซะ เซซิ]

BibComment


ยังไม่เคยถูกคอมเมนท์

คอมเมนท์ทรัพยากรรายการนี้
  คอมเมนท์: คินดะอิจิยอดนักสื..


 Copyright 2026. Bcnsprnw @Library